| 000 | 00482nam a2200169 i 4500 | ||
|---|---|---|---|
| 001 | 41430 | ||
| 003 | ES-MaACL | ||
| 005 | 20230906160429.0 | ||
| 007 | t| | ||
| 008 | 030310s1925 it ||||1| ita d | ||
| 100 | 1 |
_aCastelnuovo, Guido. _936611 |
|
| 245 | 1 | 0 |
_aCalcolo delle probabilitá / _cGuido Castelnuovo. |
| 250 | _a2ª ed. rivezuta. | ||
| 260 |
_aBologna : _bNicola Zanichelli., _c[1925] ( _eFirenze : _fAribau) |
||
| 300 |
_a2 v. ; _c24 cm. |
||
| 852 |
_aES-MaACL _jA-1608-09 |
||
| 999 |
_c41430 _d41430 |
||